000
00326nam a22001337a 4500
008
170222b xxu||||| |||| 00| 0 eng d
020
_a
9780323022965
041
_a
eng
080
_2
12 ED
_a
615 31
100
_a
5
101
_a
SHS
245
_a
PROSTHODONTIC TREATMENT FOR EDENTULOUS PATIENTS
_c
FENTON .E.J
942
_2
udc
_c
BK
999
_c
6076
_d
6076